The Oxford classical dictionary

Saved in:
Bibliographic Details
Other Authors: Hornblower, Simon (Editor), Spawforth, Antony (Editor)
Format: Book
Language:English
Published: Oxford : Oxford University Press, 2003.
Edition:3rd ed., rev.
Subjects:
Tags: Add Tag
No Tags, Be the first to tag this record!

MARC

LEADER 00000cam a2200000 i 4500
001 1/90333
008 080702s2003 enk| ||| |||| ||eng||
020 |a 9780198606413 
035 |l 10098639 
040 |a GR-MyUa  |b gre  |e AACR2 
041 0 |a eng 
082 7 |a 938.003   |2 (22) 
245 0 4 |a The Oxford classical dictionary /   |c edited by Simon Hornblower and Antony Spawforth. 
250 |a 3rd ed., rev. 
260 |a Oxford :   |b Oxford University Press,   |c 2003. 
300 |a liv, 1640 σ. ;   |c 26 εκ. 
504 |a Βιβλιογραφία: σ. xxix-liv. 
650 0 |a Classical dictionaries. 
700 1 |a Hornblower, Simon,  |e edt 
700 1 |a Spawforth, Antony,  |e edt 
852 |a INST  |b LESVOS  |e 20080702  |h 938.003 OXF  |p 005100041700  |q 005100041700  |t REF  |y 23 
901 |a BIBL1-2008-2 
922 |a 1ΕΛΗ  |b 200801  |c ΕΠΕΑΕΚ2/ΤΚΑ  |d ΠΑΠΑΣΩΤΗΡΙΟΥ 
970 |a ΚΑΡΑ  |b ΓΙΑΣΕΜΗ  |z 2008/07/02